| 000 | 01294cam a2200265 4500 | ||
|---|---|---|---|
| 001 | WB3919-12 | ||
| 008 | 030522n2003 000 0 eng u | ||
| 035 | _a(Sirsi) u122362 | ||
| 245 | _aGovernment to stop human rights challenge | ||
| 260 | _c2003 | ||
| 490 |
_aHousing Today _v(333) 16 May 2003, 10(1) |
||
| 490 |
_aODPM News Release _v(2003/0089) 22 May 2003 (3) |
||
| 520 | _aGovernment plans to prevent landlords using the Human Rights Act to challenge the compulsory leasing of empty property by local authorities. As part of Empty Homes Week (19-23 May 2003) government is launching a consultation on the issue; the proposal is to give councils the power to take over empty private homes, refurbish them and lease them to homeless or key workers before returning them to their owners. The consultation can be viewed on the ODPM website at http://www.housing.odpm.gov.uk/information/consult/emptyhomes/index.htm http://www.odpm.gov.uk/pns/DisplayPN.cgi?pn_id=2003_0089 | ||
| 590 | _aWB | ||
| 650 | _aKEY WORKERS | ||
| 650 | _aEMPTY HOMES | ||
| 650 | _aHOMELESS PEOPLE | ||
| 650 | _aLOCAL AUTHORITIES | ||
| 650 | _aHUMAN RIGHTS ACT 1998 | ||
| 650 | _aLEGAL ISSUES | ||
| 650 | _aCOMPULSORY LEASING | ||
| 650 | _aPUBLIC CONSULTATIONS | ||
| 690 | _aHOUSING | ||
| 942 | _n0 | ||
| 999 |
_c72720 _d72720 |
||